| 000 | 00378cam a2200145ua 4500 | ||
|---|---|---|---|
| 020 | _a0-07-023123-0 | ||
| 082 |
_a624.1 _bGAY/ST |
||
| 100 |
_aGaylord, Edwin H . _91258 |
||
| 245 | 0 | 0 | _aStructral engineering handbook / |
| 250 | _a2 / | ||
| 260 |
_aNew York : _bMcGraw Hill Book Company , _c1979. |
||
| 300 | _a1350 ; . | ||
| 700 | 1 |
_aGaylord , Charles N . _91259 |
|
| 942 | _cBK | ||
| 999 |
_c2750 _d2750 |
||